| 000 | 00500nam a2200181Ia 4500 | ||
|---|---|---|---|
| 003 | OSt | ||
| 005 | 20240405095723.0 | ||
| 008 | 210210b1946 xxu||||| |||| 00| 0 eng d | ||
| 040 | _cAL | ||
| 041 | _aKannada | ||
| 082 | _a853/454 | ||
| 100 |
_aSHIVARAMA KARANTA _993467 _dಶಿವರಾಮ ಕಾರಂತ. |
||
| 245 |
_aGita natakagalu _bಗೀತ ನಾಟಕಗಳು |
||
| 260 |
_aPutturu _bHarsha Prakatanalaya _c1946 |
||
| 690 |
_aKannada Drama _993468 |
||
| 906 | _a019728 | ||
| 942 |
_2ddc _cBK |
||
| 999 |
_c143869 _d143869 |
||